000 00830cam a2200193 4500
001 WB3837-05
008 021010n2002 000 0 eng u
035 _a(Sirsi) u120069
245 _aContractors prefer retentions to compulsory bonds
260 _c2002
490 _aContract Journal
_v415(6398) 9 October 2002, 4(1)
520 _aConstruction Confederation supports abolition of retention system, but does not want it replaced by alternative compulsory bond system. CC has submitted its view to House of Commons Trade and Industry Select Committee looking into use of retentions. Construction Confederation information available at www.constructionconfederation.co.uk/
590 _aWB
650 _aRETENTIONS
650 _aCASH RETENTIONS
650 _aSUBCONTRACTORS
690 _aBUILT ENVIRONMENT
942 _n0
999 _c71343
_d71343